书目信息 |
| 题名: |
穿越中世纪
|
|
| 作者: | 韦尔东 著 ;赵克非 译 | |
| 分册: | ||
| 出版信息: | 北京 中国人民大学出版社 2015 |
|
| 页数: | 346页 | |
| 开本: | 21cm | |
| 丛书名: | 明德书系 | |
| 单 册: | ||
| 中图分类: | K13-49 | |
| 科图分类: | ||
| 主题词: | 世界史--shi jie shi--中世纪史--通俗读物 | |
| 电子资源: | ||
| ISBN: | 978-7-300-20574-8 | |
| 000 | 01035nam0 22002771 450 | |
| 001 | 0102093641 | |
| 005 | 20170402093641.0 | |
| 010 | @a978-7-300-20574-8@b精装@dCNY38.00 | |
| 100 | @a20150409d2015 em y0chiy50 ea | |
| 101 | 1 | @achi@cfre |
| 102 | @aCN@b110000 | |
| 105 | @aa z 000yy | |
| 106 | @ar | |
| 200 | 1 | @a穿越中世纪@Achuan yue zhong shi ji@dVoyager au moyen age@f(法)让·韦尔东(Jean Verdon)著@g赵克非译@zfre |
| 210 | @a北京@c中国人民大学出版社@d2015 | |
| 215 | @a346页@c图@d21cm | |
| 225 | 2 | @a明德书系@Aming de shu xi@i趣味文明史 |
| 330 | @a本书用生动的实例和能够说明问题的文件描绘了中世纪一个广阔世界,从各色人等的旅行生活(包括虚拟旅行),勾勒出了中世纪的社会风貌。 | |
| 461 | 0 | @12001 @a明德书系@i趣味文明史 |
| 510 | 1 | @aVoyager au moyen age@zfre |
| 606 | 0 | @a世界史@Ashi jie shi@x中世纪史@j通俗读物 |
| 690 | @aK13-49@v5 | |
| 701 | 0 | @c(法)@a韦尔东@Awei er dong@c(Verdon, Jean)@4著 |
| 702 | 0 | @a赵克非@Azhao ke fei@f(1934~)@4译 |
| 801 | 0 | @aCN@bTANGWEI@c20170308 |
| 905 | @b0964588-90@dK13-49@e235@f3 | |
| 穿越中世纪=Voyager au moyen age/(法)让·韦尔东(Jean Verdon)著/赵克非译.-北京:中国人民大学出版社,2015 |
| 346页:图;21cm.-(明德书系.趣味文明史) |
| ISBN 978-7-300-20574-8(精装):CNY38.00 |
| 本书用生动的实例和能够说明问题的文件描绘了中世纪一个广阔世界,从各色人等的旅行生活(包括虚拟旅行),勾勒出了中世纪的社会风貌。 |
| ● |
| 相关链接 |
|
|
|
|
正题名:穿越中世纪
索取号:K13-49/235
 
预约/预借
| 序号 | 登录号 | 条形码 | 馆藏地/架位号 | 状态 | 备注 |
| 1 | 0964588 | 209645883 | 第二样本阅览室/ [索取号:K13-49/235] | 在馆 | |
| 2 | 0964589 | 209645892 | 第二借阅区/ [索取号:K13-49/235] | 在馆 | |
| 3 | 0964590 | 209645909 | 密集书库-史法系/ [索取号:K13-49/235] | 在馆 |